Проектирование системы безопасности при обращении с ядерными материалами на ядерно-опасном объекте; Физико-технические проблемы в науке, промышленности и медицине

Detalles Bibliográficos
Parent link:Физико-технические проблемы в науке, промышленности и медицине.— 2017.— [С. 33-34]
Autor Principal: Пермикина Е. Е.
Autor Corporativo: Национальный исследовательский Томский политехнический университет (ТПУ)
Outros autores: Коновалов Д. В., Овсенёв А. Е. Александр Евгеньевич
Summary:Заглавие с экрана
Idioma:ruso
Publicado: 2017
Series:Международный и национальный опыт в совершенствовании культуры безопасности ядерных объектов
Subjects:
Acceso en liña:http://earchive.tpu.ru/handle/11683/43127
Formato: Electrónico Capítulo de libro
KOHA link:https://koha.lib.tpu.ru/cgi-bin/koha/opac-detail.pl?biblionumber=623875

MARC

LEADER 00000naa2a2200000 4500
001 623875
005 20250430131638.0
035 |a (RuTPU)RU\TPU\conf\22989 
035 |a RU\TPU\conf\22988 
090 |a 623875 
100 |a 20171004d2017 k y0rusy50 ca 
101 0 |a rus 
102 |a RU 
105 |a y z 101zy 
135 |a drcn ---uucaa 
181 0 |a i  
182 0 |a b 
200 1 |a Проектирование системы безопасности при обращении с ядерными материалами на ядерно-опасном объекте  |f Е. Е. Пермикина, Д. В. Коновалов, А. Е. Овсенёв 
203 |a Текст  |c электронный 
225 1 |a Международный и национальный опыт в совершенствовании культуры безопасности ядерных объектов 
300 |a Заглавие с экрана 
320 |a [Библиогр.: с. 34 (2 назв.)] 
463 0 |0 (RuTPU)RU\TPU\conf\22967  |t Физико-технические проблемы в науке, промышленности и медицине  |o сборник тезисов докладов IX Международной научно-практической конференции, г. Томск, 21-22 сентября 2017 г.  |f Национальный исследовательский Томский политехнический университет (ТПУ) ; под ред. С. А. Байдали [и др.]  |v [С. 33-34]  |d 2017 
610 1 |a труды учёных ТПУ 
610 1 |a электронный ресурс 
610 1 |a ядерная безопасность 
610 1 |a ядерные материалы 
610 1 |a инженерно-технические средства 
610 1 |a радиоактивные вещества 
610 1 |a хранение 
700 1 |a Пермикина  |b Е. Е. 
701 1 |a Коновалов  |b Д. В. 
701 1 |a Овсенёв  |b А. Е.  |c специалист в области ядерных технологий  |c инженер Томского политехнического университета  |f 1993-  |g Александр Евгеньевич  |3 (RuTPU)RU\TPU\pers\44958  |9 21867 
712 0 2 |a Национальный исследовательский Томский политехнический университет (ТПУ)  |c (2009- )  |3 (RuTPU)RU\TPU\col\15902 
801 2 |a RU  |b 63413507  |c 20191118  |g RCR 
850 |a 63413507 
856 4 |u http://earchive.tpu.ru/handle/11683/43127 
942 |c BK